000 00421nam a22001697a 4500
003 MPLRDC
005 20220104123327.0
008 210129b ||||| |||| 00| 0 eng d
082 _a312.9 FJB 1985
100 _a费京堡、玛考黛克合著
245 _a第五代
_c尉誊蛟译
250 _a初版
260 _a
_b长河出版社
_c1983
300 _b
650 _a电脑科学
942 _cBK
_o312.9 FJB 1985
999 _c10457
_d10447